| 000 | 00778cam a2200253u 4500 | ||
|---|---|---|---|
| 001 | 36927 | ||
| 005 | 20230410115708.0 | ||
| 008 | 820309s1971 sp 000 0 spa | ||
| 035 | _9(DLC) 72339635 | ||
| 035 | _a6642766 | ||
| 010 | _a72339635 | ||
| 040 |
_aDLC _cCarP _dDLC |
||
| 043 |
_an-us--- _as------ |
||
| 050 | 1 | 4 |
_aHG 3881 _bT821c 1971 |
| 100 | 1 | _aTrías, Vivian | |
| 245 | 1 | 3 |
_aLa crisis del dolar y la política norte-americana: _bla guerra del oro y la diplomacia, _cVivian Trias |
| 260 |
_aBarcelona _bEdiciones Península _c1971 |
||
| 300 |
_a299 p. _c21 cm. |
||
| 650 | 0 | _aInternational finance. | |
| 650 | 0 | _aGold standard. | |
| 650 | 0 |
_aEconomic assistance, American _zLatin America. |
|
| 650 | 0 |
_aCurrency question _zUnited States. |
|
| 942 |
_2lcc _cbk |
||
| 999 |
_c46202 _d46202 |
||